000246719 001__ 246719
000246719 005__ 20260201182555.0
000246719 022__ $$a2589-5486$$l2589-5486
000246719 0247_ $$2ZDBID$$aPERI:(DE-600)2918503-8
000246719 0247_ $$2ZDBPPN$$aZDPPN:1151643734
000246719 0247_ $$2EZBID$$aPERI:(DE-606)314423
000246719 0247_ $$2EZBID$$aPERI:(DE-606)314423
000246719 0247_ $$2OCLC$$aOCLC:1022568004
000246719 0247_ $$2ISI$$aWOS:ALGEBRAIC COMBINATORICS
000246719 0247_ $$2SCOPUS$$aSCOPUS:21101039845
000246719 035__ $$aPERI:(DE-600)2918503-8
000246719 040__ $$a0355$$bger$$cDE-101$$dJOIN²$$eJOIN² journal identification
000246719 041__ $$aeng
000246719 044__ $$cXA-FR
000246719 082__ $$223sdnb$$a510$$qDE-600
000246719 08274 $$223sdnb$$a510$$qDE-600
000246719 24220 $$2DE-600$$aAlgebraic combinatorics$$yen
000246719 24220 $$2DE-600$$aAlgebraic combinatorics
000246719 245__ $$2DE-600$$aAlgebraic combinatorics$$honline
000246719 2463_ $$2DE-600$$aAlgebraic combinatorics
000246719 2463_ $$aAlgebraic combinatorics
000246719 260__ $$aSaint-Martin d’Hères$$bCentre Mersenne$$c[2018]-
000246719 2607_ $$2DOAJ$$aUnited States$$bThe Combinatorics Consortium$$d2024-11-26T11:35:08Z$$fCentre Mersenne
000246719 26431 $$aSaint-Martin d’Hères$$bCentre Mersenne$$c[2018]-
000246719 3620_ $$2DE-600$$aVolume 1, issue 1 (2018)-
000246719 36301 $$2DE-600$$81.1\x$$a1$$b1$$i2018
000246719 380__ $$2marcgt$$ajournal
000246719 500__ $$aAutomatically generated record. (Updated: 2025-11-10)
000246719 650_7 $$0ASJC:2607$$2ASJC$$aDiscrete Mathematics and Combinatorics
000246719 65310 $$2EZB-Subject$$aMathematics
000246719 65310 $$2EZB-Keyword$$aKombinatorik
000246719 65310 $$2EZB-Keyword$$aAlgebra
000246719 65310 $$2DOAJ$$amathematics$$d2024-11-26T11:35:08Z
000246719 65310 $$2DOAJ$$aalgebra$$d2024-11-26T11:35:08Z
000246719 65310 $$2DOAJ$$acombinatorics$$d2024-11-26T11:35:08Z
000246719 65310 $$2DOAJ$$aScience: Mathematics$$d2024-11-26T11:35:08Z
000246719 8564_ $$d0$$uhttps://alco.centre-mersenne.org$$yVerlag = kostenfrei
000246719 8564_ $$d0$$uhttps://alco.centre-mersenne.org/page/editorial-board$$yEditorial board
000246719 8564_ $$d0$$uhttps://alco.centre-mersenne.org/page/instructions-for-authors$$yInstructions for Authors
000246719 8564_ $$d0$$uhttps://alco.centre-mersenne.org/page/journal-policy_en$$yReview process
000246719 8564_ $$d0$$uhttps://ezb.ur.de/?2918503-8$$yEZB
000246719 8801_ $$2DE-600$$aAlgebraic combinatorics
000246719 909CO $$ooai:juser.fz-juelich.de:908880$$pauthority$$pauthority:PERI
000246719 909CO $$ooai:juser.fz-juelich.de:908880
000246719 915__ $$0StatID:(DE-HGF)0200$$2StatID$$aDBCoverage$$bSCOPUS$$d2025-11-10
000246719 915__ $$0StatID:(DE-HGF)0501$$2StatID$$aDBCoverage$$bDOAJ Seal$$d2024-11-26T11:35:08Z
000246719 915__ $$0StatID:(DE-HGF)0500$$2StatID$$aDBCoverage$$bDOAJ$$d2024-11-26T11:35:08Z
000246719 915__ $$0StatID:(DE-HGF)0030$$2StatID$$aPeer Review$$bDOAJ : Peer review$$d2024-11-26T11:35:08Z
000246719 915__ $$0LIC:(DE-HGF)CCBYNV$$2V:(DE-HGF)$$aCreative Commons Attribution CC BY (No Version)$$bDOAJ$$d2024-11-26T11:35:08Z
000246719 915__ $$0StatID:(DE-HGF)0199$$2StatID$$aDBCoverage$$bClarivate Analytics Master Journal List$$d2025-11-10
000246719 915__ $$0StatID:(DE-HGF)0112$$2StatID$$aWoS$$bEmerging Sources Citation Index$$d2025-11-10
000246719 915__ $$0StatID:(DE-HGF)0150$$2StatID$$aDBCoverage$$bWeb of Science Core Collection$$d2025-11-10
000246719 980__ $$aPERI
000246719 980__ $$aAUTHORITY